Представление документа в формате RUSMARC

ПолеНазваниеЗначение
  Тип записи a
  Библиографический уровень m
001 Контрольный номер dd153c4c87e24da0af1c1b57e44ebfad
005 Дата корректировки 20140826102150.4
010 Индекс ISBN __
a ISBN 978-5-406-03629-7
101 Язык документа 0_
a Язык текста rus
102 Страна публикации __
a Страна публикации RU
200 Заглавие и сведения об ответственности 1_
a Заглавие Аудит
b Общее обозначение материала Текст
e Сведения, относящиеся к заглавию учебник
f Первые сведения об ответственности Т.М. Рогуленко, С.В. Пономарева, А.В. Бодяко
205 Сведения об издании __
a Основные сведения об издании 3-е изд., стер.
210 Выходные данные 1_
a Место издания Москва
c Издательство КНОРУС
d Дата издания 2014
215 Физическое описание __
a Объем 432 с.
225 Серия 2_
a Серия Бакалавриат
610 Ключевые слова 0_
a Ключевые слова Аудит
686 Индексы других классификаций __
a Классификационный индекс 65.052.8
700 Автор _1
a Фамилия Рогуленко
b Имя Т.М.
702 Вторичная интеллектуальная ответственность _1
a Фамилия Пономарева
b Имя С.В.
702 Вторичная интеллектуальная ответственность _1
a Фамилия Бодяко
b Имя А.В.
801 Источник записи _0
a Страна RU
b Организация РУК
g Правила каталогизации PSBO
801 Источник записи _1
a Страна RU
b Организация РУК
g Правила каталогизации PSBO
852 Данные о местонахождении __
i Авторский знак Р 59
j Шифр хранения 65.052.8
901 Тип документа __
t Тип документа m
937 Технологическая информация __
a Создатель записи (имя) Ивашова
938 Служебная информация __
a Название организации Ивановский филиал
952 Тип литературы __
c Вид литературы учебник